| 000 | 00554nam a22001817a 4500 | ||
|---|---|---|---|
| 003 | CEME | ||
| 005 | 20210628202353.0 | ||
| 008 | 210301b xxu||||| |||| 00| 0 eng d | ||
| 020 | _a0-07-031798-4 | ||
| 040 | _c. | ||
| 082 | _a004.358 HWA | ||
| 100 |
_aHwang, Kai Zhiwei Xu _959594 |
||
| 245 | _aScalable parallel computing , technology,architecture,programming | ||
| 260 |
_aBOSTON _bMCGRAW HILL _c1998 |
||
| 300 | _aXXIV,802P | ||
| 650 |
_aPARALLEL PROCESSING-ELECTRONIC COMPUTERS,COMPUTER ARCHITECTURE,COMPUTER NETWORKS _959595 |
||
| 942 |
_cBK _2ddc |
||
| 999 |
_c569534 _d569534 |
||